| 000 | 00435nam a2200133 a 4500 | ||
|---|---|---|---|
| 001 | 000038337 | ||
| 005 | 20201002031231.0 | ||
| 008 | 130409s2004 dr ac 000 0 spa d | ||
| 040 |
_aDO-SdBNP _bspa _cBNPHU |
||
| 100 | 1 |
_aSuazo, Wilson _957374 |
|
| 245 | 1 | 0 |
_aLiquitín : _bexpresión de decoro y rebelión de la juventud banileja / _cWilson Suazo. |
| 260 |
_aSanto Domingo : _bBaní Ayer y Hoy. |
||
| 300 |
_a130 p. : _bil., retrs. ; _c24 cm. |
||
| 999 |
_c37827 _d37827 |
||